| 000 | 00785nam a2200193Ia 4500 | ||
|---|---|---|---|
| 003 | GCL | ||
| 008 | 140319s9999 xx 000 0 ara d | ||
| 040 |
_aGCL / _cGCL |
||
| 082 | 0 | 4 |
_a210.4 _bج ا |
| 100 | 1 | _aابن الجوزى : ابوالفرج جمال الدين عبدالرحمن بن على بن محمد بن على القرشى البغدادى | |
| 245 | 1 | 0 |
_aاخبار النساء / _cابن الجوزى : ابوالفرج جمال الدين عبدالرحمن بن على بن محمد بن على القرشى البغدادى |
| 260 |
_aبيروت : _bدار النديم ، _c1991 |
||
| 300 |
_a183 ص ؛ _c24 سم |
||
| 490 | _a | ||
| 650 | 0 | 4 | _aالزنا |
| 650 | 0 | 4 | _aاداب السلوك |
| 650 | 0 | 4 | _aالمرأة فى الاسلام |
| 942 |
_2ddc _cBK |
||
| 999 |
_c54048 _d54048 |
||